Statistiques concernant Pokémon de type Insecte uniquement

Cliquez ici pour prendre le quiz!

Statistiques générales

  • Ce quiz a été pris 24 fois
  • Le résultat moyen est 18 sur 23

Statistiques - réponses

HintRéponse% Correct
n° 010Chenipan
100%
n° 011Chrysacier
100%
n° 266Armulys
95%
n° 265Chenipotte
95%
n° 127Scarabrute
95%
n° 268Blindalys
91%
n° 401Crikzik
86%
n° 402Mélokrik
86%
n° 204Pomdepik
86%
n° 412Cheniti
82%
n° 314Lumivole
77%
n° 313Muciole
77%
n° 616Escargaume
73%
n° 664Lépidonille
73%
n° 665Pérégrain
73%
n° 588Carabing
68%
n° 824Larvadar
68%
n° 736Larvibule
68%
n° 617Limaspeed
68%
n° 917Tissenboule
59%
n° 919Lilliterelle
55%
n° 918Filentrappe
50%
n° 953Léboulérou
36%

Distribution des résultats

Percentile par nombre de réponses

% des personnes avec chaque résultat

Votre développement - résultats

Vous n’avez pas pris ce quiz